Low-life /

Bibliographic Details
Corporate Author: New Order (Musical group) (Performer)
Format: CD Audio
Language:English
Published: Burbank, CA : Rhino, [2008]
Edition:Collector's ed.
Subjects:

MARC

Tag First Indicator Second Indicator Subfields
LEADER 00000cjm a2200000Ia 4500
001 in00002785417
005 20150922145237.0
007 sd fungnnmmned
008 081203r20081985caurcnn i n eng d
024 1 |a 081227988630 
028 0 2 |a R2 516184  |b Rhino 
028 0 0 |a FACD 100  |b Factory 
035 |a (OCoLC)ocn276947385 
035 |a (OCoLC)276947385 
040 |a WIM  |c WIM  |d CPL  |d IXA  |d MCT  |d AZZPT  |d UtOrBLW 
049 |a TXAM 
050 1 4 |a M1741.18.N496  |b L69 2008 
082 0 4 |a 782.42166  |2 22 
090 |a M1630.18.N486  |b L69 2008 
110 2 |a New Order (Musical group),  |e performer. 
245 1 0 |a Low-life /  |c written by New Order. 
246 1 |i Subtitle on container spine:  |a Factory years 
250 |a Collector's ed. 
264 1 |a Burbank, CA :  |b Rhino,  |c [2008] 
264 4 |c ℗2008 
300 |a 2 sound discs :  |b digital ;  |c 4 3/4 in. 
336 |a performed music  |b prm  |2 rdacontent 
337 |a audio  |b s  |2 rdamedia 
338 |a audio disc  |b sd  |2 rdacarrier 
500 |a Rock music. 
500 |a Originally released as Factory FACD 100 in 1985; with bonus material. 
500 |a Compact disc. 
511 0 |a New Order. 
505 0 0 |t Love vigilantes --  |t The perfect kiss --  |t This time of night --  |t Sunrise --  |t Elegia --  |t Sooner than you think --  |t Sub-culture --  |t Face up --  |t The perfect kiss --  |t Sub-culture  |g (John Robie remix) --  |t Shellshock --  |t Shame of the nation --  |t Elegia --  |t Let's go --  |t Salvation theme --  |t Dub vulture. 
500 |a Program notes by Ian Harrison ([16] pages) inserted in container. 
500 |a Sound recording. 
650 0 |a Rock music  |y 1981-1990. 
650 0 |a Alternative rock music. 
948 |a cataloged  |b h  |c 2012/11/28  |d c  |e jstorlie  |f 2:50:15 pm 
994 |a C0  |b TXA 
999 |a MARS 
999 f f |s 0da417d3-fe72-3b56-81f7-1dd5725f9aa1  |i 3fd543c2-f298-3751-953d-4eede2c50074  |t 0 
952 f f |p ric  |a Texas A&M University  |b Rellis Campus  |c Joint Library Facility  |d Remote Storage  |t 0  |e M1630.18.N486 L69 2008  |h Library of Congress classification  |i audio -- audio disc  |m A14841621058 
998 f f |a M1630.18.N486 L69 2008  |t 0  |l Remote Storage